000
00305nam a22001337a 4500
008
210301b ||||| |||| 00| 0 eng d
020
_a
9780534394653
041
_a
eng
080
_2
3th
_a
579
100
_a
11
101
_a
MIK
245
_a
Introduction to Microbiology
_c
Ingraham,L.J
942
_2
udc
_c
BK
999
_c
55399
_d
55399